Hodnotenie kvality služieb osobnej železničnej dopravy

Kvalita života je ovplyvňovaná i kvalitou poskytovaných služieb v doprave. Nové možnosti ľudí cestovať do zahraničia im umožnili porovnávať poskytované služby v osobnej doprave. Niektoré metódy a spôsoby porovnávania majú vedecký charakter a slúžia viac menej poskytovateľom služieb na vypracovanie p...

Descrizione completa

Salvato in:
Dettagli Bibliografici
Autore principale: Chlebíková, Darina
Natura: Capitolo di libro
Lingua:slovacco
Soggetti:
Tags: Aggiungi Tag
Nessun Tag, puoi essere il primo ad aggiungerne!!

MARC

LEADER 00000nla a2200000 4500
001 0177885
005 20220323113707.1
041 0 |a slo 
044 |a SK 
245 1 0 |a Hodnotenie kvality služieb osobnej železničnej dopravy  |c Darina Chlebíková 
520 |a Kvalita života je ovplyvňovaná i kvalitou poskytovaných služieb v doprave. Nové možnosti ľudí cestovať do zahraničia im umožnili porovnávať poskytované služby v osobnej doprave. Niektoré metódy a spôsoby porovnávania majú vedecký charakter a slúžia viac menej poskytovateľom služieb na vypracovanie ponuky kvalitnejších služieb čo je dané existenciou konkurenčného boja. Iné sú subjektívne a vyplývajú čisto len z hodnotenia zákazníkov. Často sú ovplyvnené náhodnými udalosťami, okolím, ale aj schopnosťou vnímať rozdiely v ponúkaných službách. Preto tvorba štandardov prepravných služieb je veľmi ťažká. 
610 2 0 |a kvalita služieb 
610 2 0 |a úroveň životná 
610 2 0 |a služby dopravné 
610 2 0 |a doprava železničná 
100 1 |a Chlebíková, Darina